00363nam a2200109Ia 4500082000800000245002500008100005700033942000700090008004100097999001900138952009600157 aMUR 0aMan met die geel oe  a MURRAY, Ena Pretoria, 1990 Grootdrukuitg 98644 cBK210817s9999 xx 000 0 und d c234331d234333 00104070aEVANLbEVANLd2021-08-18g155.00l0p33228015955758r2021-08-18w2021-08-18yBK